| 000 | 00494pab a2200193 454500 | ||
|---|---|---|---|
| 008 | 180718b1999 xxu||||| |||| 00| 0 eng d | ||
| 100 | _aSaroja, K. | ||
| 245 | _aCase study approach for research of divorce | ||
| 260 | _c1999 | ||
| 300 | _ap.26-29 | ||
| 362 | _aFeb | ||
| 650 | _aDivorce - India | ||
| 650 | _aCase studies | ||
| 650 | _aFamily disorganization - India | ||
| 650 | _aFamily disorganization | ||
| 700 | _aBadiger, Manava S. | ||
| 773 | _aSocial Welfare | ||
| 909 | _a40003 | ||
| 999 |
_c40003 _d40003 |
||